名前に「須」がつく駅 - Statistics

General Stats
  • This quiz has been taken 95 times
  • The average score is 17 of 44
Answer Stats
Hint Answer % Correct
横須賀線 横須賀
82%
東北新幹線東北本線 那須塩原
78%
名鉄竹鼻線 須賀
76%
京急本線 横須賀中央
68%
東北本線 西那須野
66%
東北本線 須賀川
63%
山陽本線 須磨
63%
長野電鉄長野線 須坂
62%
名鉄名古屋本線名鉄津島線 須ヶ口
58%
山陽本線 須磨海浜公園
54%
名古屋市営地下鉄鶴舞線 大須観音
54%
山陽電鉄本線 須磨浦公園
53%
土讃線 須崎
51%
名鉄常滑線 尾張横須賀
51%
山陽電鉄本線 山陽須磨
50%
山陽電鉄本線 東須磨
49%
長野電鉄長野線 北須坂
47%
広島電鉄宮島線 高須
46%
とさでん交通後免線 高須
46%
名鉄河和線 高横須賀
41%
山陽電鉄本線 須磨寺
38%
東武伊勢崎線 加須
36%
中央本線 須原
34%
大阪メトロ堺筋線 恵美須町
34%
阪堺線 恵美須町
34%
香椎線 須恵
28%
東北本線 蒲須坂
25%
岳南電車 須津
25%
香椎線 須恵中央
22%
神鉄粟生線 恵比須
22%
広島電鉄宮島線 東高須
22%
呉線 須波
20%
名鉄西尾線 上横須賀
20%
とさでん交通後免線 西高須
18%
紀勢本線 波田須
17%
山陰本線 須佐
14%
宇部線 阿知須
14%
篠栗線 柚須
14%
土佐くろしお鉄道ごめん・なはり線 夜須
13%
熊本電気鉄道菊池線 須屋
13%
只見線 越後須原
12%
阪堺線 高須神社
11%
熊本電気鉄道菊池線 新須屋
11%
平成筑豊鉄道田川線 油須原
7%
No matching quizzes found
Score Distribution
Percent of People with Each Score
Percentile by Number Answered
Your Score History
You have not taken this quiz